00321pab a2200121 454500008004000000100001700040245006100057260000900118300001300127362001000140650001500150773003400165180718b2008 xxu||||| |||| 00| 0 eng d aBhanu, Vinod aRight to recall legislators: the Chhattisgarh experiment c2008 ap.15-16. a4 Oct aParliament aEconomic and Political Weekly